Una sorpresa para Ana Cristina / (Record no. 27064)

MARC details
000 -LEADER
fixed length control field 01373nam a2200397Ia 4500
001 - CONTROL NUMBER
control field sjdsz9livm b1380817
003 - CONTROL NUMBER IDENTIFIER
control field sjds
005 - DATE AND TIME OF LATEST TRANSACTION
control field 20220808194626.0
008 - FIXED-LENGTH DATA ELEMENTS--GENERAL INFORMATION
fixed length control field 930517s1992 mx a j 000 1 spa d
020 ## - INTERNATIONAL STANDARD BOOK NUMBER
International Standard Book Number 9686579206
020 ## - INTERNATIONAL STANDARD BOOK NUMBER
International Standard Book Number 9789686579208
020 ## - INTERNATIONAL STANDARD BOOK NUMBER
International Standard Book Number 7509965913828
024 ## - OTHER STANDARD IDENTIFIER
Source of number or code UPC
Standard number or code 7509965913828
040 ## - CATALOGING SOURCE
Original cataloging agency LIV
Language of cataloging eng
Transcribing agency LIV
041 ## - LANGUAGE CODE
Language code of text/sound track or separate title spa
090 ## - LOCALLY ASSIGNED LC-TYPE CALL NUMBER (OCLC); LOCAL CALL NUMBER (OCLC)
Classification number (OCLC) (R) ; Classification number, CALL (RLIN) (NR) jSPAN PIC
Local cutter number (OCLC) ; Book number/undivided call number, CALL (RLIN) ROB
100 1# - MAIN ENTRY--PERSONAL NAME
Personal name Robleda Moguel, Margarita.
245 14 - TITLE STATEMENT
Title Una sorpresa para Ana Cristina /
Statement of responsibility, etc. Margarita Robleda Moguel ; ilustraciones y portada Maribel Surez.
246 30 - VARYING FORM OF TITLE
Title proper/short title Surprise for Ana Cristina.
246 3# - VARYING FORM OF TITLE
Title proper/short title Una sorpresa para Ana Cristina.
250 ## - EDITION STATEMENT
Edition statement Spanish.
264 #1 - PRODUCTION, PUBLICATION, DISTRIBUTION, MANUFACTURE, AND COPYRIGHT NOTICE
Place of production, publication, distribution, manufacture Mexico, D.F. :
Name of producer, publisher, distributor, manufacturer Sitesa,
Date of production, publication, distribution, manufacture, or copyright notice 2000, c1992.
300 ## - PHYSICAL DESCRIPTION
Extent 21 pages :
Other physical details color illustrations ;
Dimensions 23 cm.
336 ## - CONTENT TYPE
Content type term text
Content type code txt
Source rdacontent.
337 ## - MEDIA TYPE
Media type term unmediated
Media type code n
Source rdamedia.
338 ## - CARRIER TYPE
Carrier type term volume
Carrier type code nc
Source rdacarrier.
490 0# - SERIES STATEMENT
Series statement Nuevos cuentos para pulguitas.
520 ## - SUMMARY, ETC.
Summary, etc. Ana Cristina loves chocolate chip cookies so much, that she devises a way to get the cookie box that's just out of her reach.
526 0# - STUDY PROGRAM INFORMATION NOTE
Program name Accelerated Reader AR
Interest level LG
Reading level 3.1
Title point value 0.5
Public note 53828.
650 #1 - SUBJECT ADDED ENTRY--TOPICAL TERM
Topical term or geographic name as entry element Spanish language materials
Form subdivision Fiction.
650 #1 - SUBJECT ADDED ENTRY--TOPICAL TERM
Topical term or geographic name as entry element Surprise
Form subdivision Fiction.
650 #1 - SUBJECT ADDED ENTRY--TOPICAL TERM
Topical term or geographic name as entry element Chocolate chip cookies
Form subdivision Fiction.
655 #7 - INDEX TERM--GENRE/FORM
Genre/form data or focus term Fiction.
Source of term lcgft.
700 1# - ADDED ENTRY--PERSONAL NAME
Personal name Surez, Maribel,
Dates associated with a name 1952-
942 ## - ADDED ENTRY ELEMENTS (KOHA)
Koha item type Libro/Book
Holdings
Withdrawn status Lost status Damaged status Not for loan Home library Current library Shelving location Date acquired Inventory number Total Checkouts Full call number Barcode Date last seen Date checked out Price effective from Koha item type Checked out Total Renewals
        Azul y Blanco -- Satellite Azul y Blanco -- Satellite   11/06/2022 inventory date: 20-1-25 1 JI 35201563 13/11/2024 14/05/2024 11/06/2022 Libro/Book    
        Barbudos -- Satellite Barbudos -- Satellite   11/06/2022 Inventory date: 7/7/25 1 JI 35802015 20/09/2023 21/06/2023 11/06/2022 Libro/Book    
        Capulin -- Satellite Capulin   11/06/2022   2 JI 35102015 03/06/2024 03/06/2024 11/06/2022 Libro/Book 08/07/2024  
        San Juan Del Sur -- Mobile El Baston   03/02/2024 Inventory date: 27-2-25 3 JFI 33016292 31/03/2026 31/03/2026 03/02/2024 Libro/Book 05/05/2026  
        San Juan Del Sur -- Mobile El coco   04/02/2024   3 JI 33016768 03/09/2024 01/08/2024 04/02/2024 Libro/Book    
        Las Pampas -- Satellite Las Pampas -- Satellite   11/06/2022 inventory date: 17-1-25   JI 35702018 11/06/2022   11/06/2022 Libro/Book    
        Monte Cristo -- Satellite Monte Cristo -- Satellite   11/06/2022     JI 40202247 11/06/2022   11/06/2022 Libro/Book    
        San Jeronimo -- Satellite San Jeronimo -- Satellite   11/06/2022 inventory date: 17-1-25   JI 35902222 11/06/2022   11/06/2022 Libro/Book    
        San Juan Del Sur -- Biblioteca San Juan Del Sur -- Biblioteca Children's Area 11/06/2022 Inventory date: 15-5-25 1 CAJA ESPANOL 30028865 29/11/2022 20/09/2022 11/06/2022 Libro/Book    
        San Juan Del Sur -- Biblioteca San Juan Del Sur -- Biblioteca Children's Area 22/06/2022 Inventory date: 15-5-25 4 JI Espanol 30028726 20/09/2024 20/09/2024 22/06/2022 Libro/Book    
        Genizero -- Satellite San Juan Del Sur -- Biblioteca   08/08/2022     JI 35602014 29/06/2023   08/08/2022 Libro/Book    
        San Juan Del Sur -- Mobile San Juan Del Sur -- Mobile   03/02/2024 Inventory date: 27-2-25 3 JI 33016769 07/11/2024 30/10/2024 03/02/2024 Libro/Book   1
        Sevadilla -- Satellite Sevadilla -- Satellite   11/06/2022     JI 35402012 11/06/2022   11/06/2022 Libro/Book    
        Zaragoza -- Satellite Zaragoza -- Satellite   11/06/2022 Inventory date: 7/7/25   JI 35501986 11/06/2022   11/06/2022 Libro/Book    

Powered by Koha